00765nam a22001937a 4500003000200000005001700002008004100019020001900060050002300079245016900102250002000271260005700291300005600348504005100404650002900455650003900484650002300523650002500546020250829115404.0250829b xxu||||| |||| 00| 0 eng d a978-0170465427 aHD 58.7b.O74 2024 aOrganisational behaviour :bengaging people and organisations /cRicky W. Griffin, Jean M. Phillips, Stanley M. Gully, Andrew Creed, Lynn Gribble, and Moira Watson. aSecond edition. aSouthbank, VIC :bCengage Learning Australia,c2024. axxiii, 514 pages :bcolored illustrations ;c26 cm. aIncludes bibliographical references and index. aOrganizational behavior. aManagementxPsychological aspects. aCorporate culture. aEmployee motivation.